000 00607nam a2200229Ia 4500
003 OSt
005 20221007065323.0
006 a|||||r|||| 00| 0
007 ta
008 221006b |||||||| |||| 00| 0 eng d
024 _a11,113
037 _cTextual
040 _aFLL
_cFLL
_beng
041 _2eng
_aeng
082 _aV1:2:9Z, L0
100 _aPatel S. Au.
_9686851
245 0 _aWorld constitutional law and practice
260 _aDelhi
_bVikas publications India
_c1970
300 _a495p
_ccm.
942 _hV1:2:9Z, L0
_cTEXL
_2CC
999 _c1136978
_d1136978